00953agaaa2200241 45000010005000000030009000050050017000140070009000310080040000400400023000800410013001031000046001161300034001622450131001962500022003272600123003493000034004725200065005065380009005715460013005806500060005937000058006530560IT-RoPAU20220918181308.0d cvaizq50131s9999||||xx ||| | || ||und|| aIT-RoPAUcIT-RoPAU aITALIANO aMonge AttiliogCodice regista SPICS: 3643 aABORTO: LIBERTA' DI UCCIDERE? aABORTO: LIBERTA' DI UCCIDERE?cDiretto da: Monge AttiliopABORTO: LIBERTA' DI UCCIDERE? (Rif. Codice opera principale : V0560) aEdizione Standard aROMA (ITALIA)bSAMPAOLO FILM AUDIOVISIVI / Distribuzione: SPF FIRENZEg"1986 (1° ed.: 1993 ; Ed. Lingua Orig.: 1986)" a16MMbsonoro, col.c16 minuti aUNA PROPOSTA DI DISCUSSIONE PER ADULTI SUL TEMA DELL'ABORTO. aMONO aITALIANO aDIDATTICOePELLICOLE [16MM]xCodice MATERIA SPICS: 9956 aMonge Attilio e(regista)gCodice regista SPICS: 3643